000 01143nam a22003137a 4500
003 CHAP
005 20220329140652.0
008 971013s1896 r 00010 d
010 _a55719
011 _a56691
035 _a60844
040 _cCHAP
082 _a349.726
_bY83
100 _aYucatán. Leyes, decretos, etc.
_9175438
245 _aColección de leyes, decretos, órdenes y demás disposiciones de tendencia general expedidas por los poderes legislativo y ejecutico del estado de Yucatán, formada con autorización del gobierno
260 _aMérida :
_bTipografía de G. Canto,
_c1896 (?)
300 _av.
590 _aBATCH-UPD
_b10
_c20130110
_lUCH01
_h0422
590 _aBATCH-UPD
_b10
_c20130110
_lUCH01
_h2347
590 _aBATCH-UPD
_b10
_c20130410
_lUCH01
_h0057
590 _aBATCH-UPD
_b10
_c20130410
_lUCH01
_h1635
590 _aBATCH-UPD
_b10
_c20130914
_lUCH01
_h0941
590 _aCONVERSION
_b10
_c20130109
_lUCH01
_h1330
650 1 4 _aYucatán
_xLeyes.
_9123326
700 0 _aCisneros Cámara, Antonio.
_923440
901 _aBK
942 _cLIBRO
949 _a349.726 Y83
_bBC
_cBPP
_d-130928
_eBPP
_fv.3
_h6919
_i60844
_si
999 _c55719
_d55719